000 00371nam a2200169Ia 4500
001 10864
003 IN-NITTTR
005 20251114233101.0
008 251113s9999||||xx |||||||||||||| ||eng||
040 _beng
040 _cIN-NITTTR
041 _aeng
082 _a912 S26W
100 _aSignet/Hammond,
245 0 _aWorld Atlas /
_cSignet/Hammond
942 _2ddc
_cBK
999 _c13500
_d13500